000 00714nam a22002057a 4500
005 20240704114520.0
010 _aENG-140764
020 _c580.00
_a9789357053648
035 _aEN-124296
037 _bDBAD
082 _a915.4
_21
100 _aNachiketa, Neeraj
_968107
245 _aGeography of India/
_cby Neeraj Nachiketa
250 _a1
260 _aNoida
_bPearson India Education Services Pvt. Ltd
_c2024
270 _a1st Floor, Berger Tower, Plot No. C-001A/2 Sector 16B
_bNoida (U.P.)
_e201301
_k04466540100
_mcompanysecretary.india@pearson.com
300 _aVarious Pages
_b23cm (Pb)
500 _aFor UPSC and State Civil Services Examination
942 _2ddc
_cEN
_h915.4
_mNAC
_e1
999 _c203940
_d203940